| 000 | 01327cam a22003374a 4500 | ||
|---|---|---|---|
| 090 | _c0 | ||
| 001 | 11852854 | ||
| 005 | 20030616081743.0 | ||
| 008 | 991201s2000 mauab b 001 0 eng | ||
| 010 | _a99059353 | ||
| 020 | _a0632050179 (pbk.) | ||
| 040 |
_aDLC _cDLC _dDLC |
||
| 042 | _apcc | ||
| 050 | 0 | 0 |
_aSB197 _b.G7 2000 |
| 082 | 0 | 0 |
_a633.2 _221 _bGRA |
| 245 | 0 | 0 |
_aGrass : _bIts Production and Utilization / _cedited by Alan Hopkins. |
| 250 | _a3rd ed. | ||
| 260 |
_aOxford ; _aMalden, MA : _bPublished for the British Grassland Society by Blackwell Science, _cc2000. _g(2001 printing) |
||
| 300 |
_axiii, 440 p. : _bill., maps ; _c25 cm. |
||
| 500 | _aReprinted with corrections in 2001. | ||
| 504 | _aIncludes bibliographical references. | ||
| 650 | 0 | _aGrasses. | |
| 650 | 0 | _aRange management. | |
| 650 | 0 | _aRangelands. | |
| 650 | 0 |
_aGrasses _xEconomic aspects. |
|
| 700 | 1 | _aHopkins, Alan. | |
| 710 | 2 | _aBritish Grassland Society. | |
| 942 |
_2ddc _cBB |
||
| 999 |
_c10651 _d10651 |
||